000 00483cam a2200193ua 4500
001 10349
008 180504n ii |||gr||||Z||||||eng
020 _a9789327240450
040 _cMAIN
041 _aeng
082 _a004
100 _aMalhotra, T.D.,
_eAuthor.
245 _aComputer science and application
_bHS second year
250 _a3rd rev. ed.
260 _aLudhiana:
_bKalyani,
_c2014.
300 _a370p.
653 _aData processing & computer science
942 _cBK
999 _c9339
_d9339